[Event "2nd EUR-ch (w)"]
[Site "Warsaw POL"]
[Date "2001.04.26"]
[Round "5.52"]
[White "Mashinskaya, Yulia"]
[Black "Blimke, Dalia"]
[Result "1/2-1/2"]
[WhiteElo "2318"]
[BlackElo "2209"]
[EventDate "2001.04.21"]
[PlyCount "143"]

1.e4 c5 2.Nf3 e6 3.Nc3 Nc6 4.Bb5 Nge7 5.O-O a6 6.Bxc6 Nxc6 7.d4 cxd4 8.
Nxd4 d6 9.Nxc6 bxc6 10.Qg4 h5 11.Qe2 Be7 12.Na4 h4 13.h3 d5 14.c4 d4 15.e5
c5 16.b3 Bb7 17.Nb2 Qd7 18.Nd3 f5 19.f3 Kf7 20.Bd2 a5 21.a3 Rhb8 22.Rfc1 
Bc6 23.Rab1 Rb7 24.Rc2 Qd8 25.Rcb2 Qd7 26.Kh2 Qd8 27.Qe1 Kg8 28.Kg1 Be8 
29.Kh2 Bd7 30.Qc1 Rab8 31.Qe1 Ra8 32.Nf4 Kf7 33.g4 fxg4 34.fxg4 Kg8 35.Qe4
Rbb8 36.Qg6 Qe8 37.Be1 Ra6 38.Qd3 Bg5 39.Ng6 Bc6 40.Bxh4 Bxh4 41.Nxh4 Ra7 
42.Rf2 Rf7 43.Rbf1 Rbb7 44.Qg3 Be4 45.g5 Rxf2+ 46.Rxf2 Rf7 47.Ng2 Rxf2 48.
Qxf2 Qb8 49.Qg3 d3 50.Qf4 d2 51.Qxd2 Bxg2 52.Kxg2 Qxe5 53.Qd8+ Kh7 54.Qd3+
g6 55.h4 Kg7 56.Qd7+ Kg8 57.Qd3 Kg7 58.Qf3 Qb2+ 59.Kg3 Qe5+ 60.Qf4 Qe1+ 
61.Kg4 Qe2+ 62.Qf3 Qe5 63.h5 Qd4+ 64.Kh3 gxh5 65.Qxh5 Qe3+ 66.Kg2 Qe4+ 67.
Qf3 Qe5 68.Qg3 Qe4+ 69.Qf3 Qe5 70.Qg3 Qe4+ 71.Qf3 Qe5 72.Qg3 1/2-1/2

[Event "2nd EUR-ch (w)"]
[Site "Warsaw POL"]
[Date "2001.04.26"]
[Round "5.54"]
[White "Reszka, Malgorzata"]
[Black "Krivec, Jana"]
[Result "1/2-1/2"]
[WhiteElo "2119"]
[BlackElo "2265"]
[EventDate "2001.04.21"]
[PlyCount "153"]

1.e4 e5 2.Nf3 Nc6 3.Bb5 a6 4.Ba4 Nf6 5.d3 d6 6.c3 Be7 7.Nbd2 b5 8.Bb3 O-O 
9.Nf1 d5 10.Qe2 d4 11.Ng3 dxc3 12.bxc3 b4 13.Ba4 Qd6 14.O-O Bg4 15.h3 Bxf3
16.Qxf3 bxc3 17.Bxc6 Qxc6 18.Nf5 Qe6 19.Bg5 Ba3 20.Qg3 Ne8 21.Rab1 f6 22.
Rb3 Bb2 23.Bc1 Qd7 24.f4 Bxc1 25.Rxc1 exf4 26.Qxf4 Qxd3 27.Rbxc3 Qd7 28.
Qg4 Kh8 29.Rd1 Qe6 30.Qf3 Rb8 31.Rcd3 Qxa2 32.Rd7 Rb1 33.Rxb1 Qxb1+ 34.Kh2
Qb5 35.Re7 a5 36.Qg3 Rg8 37.Qc3 Rf8 38.Qd4 a4 39.Qd8 Rg8 40.Nd4 Qh5 41.g4 
Qg6 42.Qd7 a3 43.Nf5 Nd6 44.Qa4 Nxf5 45.exf5 Qg5 46.Qxa3 Qf4+ 47.Kg2 Rd8 
48.Re2 h6 49.Qe7 Qd6 50.Qxd6 cxd6 51.Kf3 Kh7 52.Re7 h5 53.Ke4 d5+ 54.Kd4 
hxg4 55.hxg4 Kh6 56.Ra7 Rb8 57.Kxd5 Rb4 58.Ke6 Rxg4 59.Kf7 Rg5 60.Ke6 Kh5 
61.Ra1 Rg4 62.Ra7 Kh6 63.Ra8 Re4+ 64.Kf7 Re5 65.Rh8+ Kg5 66.Rg8 Kxf5 67.
Rxg7 Ra5 68.Kg8 Kf4 69.Kh7 Rg5 70.Ra7 f5 71.Kh6 Rg8 72.Ra3 Rg3 73.Ra4+ Kf3
74.Kh5 f4 75.Kh4 Rg8 76.Ra3+ Ke4 77.Ra4+ 1/2-1/2

[Event "2nd EUR-ch (w)"]
[Site "Warsaw POL"]
[Date "2001.04.26"]
[Round "5.55"]
[White "Alieva, Elmira"]
[Black "Ciuksyte, Zivile"]
[Result "1-0"]
[WhiteElo "2257"]
[BlackElo "2150"]
[EventDate "2001.04.21"]
[PlyCount "101"]

1.d4 Nf6 2.c4 e6 3.Nf3 Bb4+ 4.Nbd2 O-O 5.a3 Bxd2+ 6.Qxd2 b6 7.g3 Bb7 8.Bg2
d6 9.O-O Nbd7 10.b4 Qe7 11.Bb2 c5 12.d5 e5 13.Nh4 Rfc8 14.b5 Re8 15.Nf5 
Qf8 16.f4 Bc8 17.Bc3 a6 18.a4 a5 19.h3 Ra7 20.Rf2 e4 21.Qb2 g6 22.Ne3 Nh5 
23.g4 Ng7 24.f5 gxf5 25.Bxg7 Qxg7 26.Qxg7+ Kxg7 27.Nxf5+ Kg8 28.Nxd6 Rf8 
29.Bxe4 Ne5 30.Nxc8 Rxc8 31.Bf5 Rd8 32.Rf4 h6 33.Rd1 Rd6 34.Kf2 Re7 35.Kg3
Kg7 36.h4 f6 37.Rdf1 Re8 38.Be6 Rexe6 39.dxe6 Rxe6 40.Rd1 Ng6 41.Rd7+ Kg8 
42.Rf1 Ne5 43.Rc7 Nxc4 44.Rc6 Re3+ 45.Rf3 Rxe2 46.Rfxf6 Ne5 47.Rxb6 c4 48.
Rb7 Nd3 49.Rc7 Re4 50.b6 Ne5 51.b7 1-0

[Event "2nd EUR-ch (w)"]
[Site "Warsaw POL"]
[Date "2001.04.26"]
[Round "5.56"]
[White "Bogza, Adina"]
[Black "Saljova-Orsagova, Silvie"]
[Result "1-0"]
[WhiteElo "2252"]
[BlackElo "2142"]
[EventDate "2001.04.21"]
[PlyCount "69"]

1.d4 Nf6 2.Nf3 e6 3.g3 b5 4.Bg2 Bb7 5.O-O c5 6.c3 h6 7.a4 b4 8.Nbd2 cxd4 
9.cxd4 Be7 10.a5 O-O 11.Nc4 Qc8 12.Nce5 Be4 13.Ne1 Bxg2 14.Nxg2 Qa6 15.Re1
d5 16.Qa4 Rc8 17.Bd2 Nc6 18.Nxc6 Rxc6 19.Ne3 Rb8 20.f3 Ne8 21.Kf2 Bg5 22.
Rec1 Bxe3+ 23.Bxe3 Rxc1 24.Rxc1 Qb5 25.Qa1 Qd7 26.Bf4 Rc8 27.Rxc8 Qxc8 28.
Qa4 g5 29.Bd2 Nd6 30.Qxb4 Qa6 31.Qc5 Nb7 32.Qe7 Nd6 33.Bb4 Qc4 34.Bxd6 
Qxd4+ 35.Kg2 1-0

[Event "2nd EUR-ch (w)"]
[Site "Warsaw POL"]
[Date "2001.04.26"]
[Round "5.57"]
[White "Krupkova, Petra"]
[Black "Sosnowska, Elzbieta"]
[Result "1/2-1/2"]
[WhiteElo "2249"]
[BlackElo "2095"]
[EventDate "2001.04.21"]
[PlyCount "69"]

1.e4 e5 2.Nf3 Nc6 3.d4 exd4 4.Nxd4 Bc5 5.Be3 Qf6 6.c3 Nge7 7.Bc4 d6 8.O-O 
Qg6 9.f3 O-O 10.Kh1 Bb6 11.Nd2 Kh8 12.Qe2 f5 13.Nb5 Ba5 14.b4 a6 15.Na3 f4
16.Bg1 Bb6 17.Bxb6 cxb6 18.Bb3 b5 19.Rfd1 Qh5 20.Nf1 Rf6 21.Qd2 Ne5 22.c4 
Bd7 23.cxb5 axb5 24.Nc2 Raf8 25.Ne1 Bc6 26.Qf2 N7g6 27.Rd4 Nh4 28.Rad1 Qh6
29.Qd2 Rd8 30.Qc3 Qg5 31.R4d2 Rg6 32.Qd4 Rf8 33.Qf2 Qe7 34.Qa7 Rg5 35.Qf2 
1/2-1/2

[Event "2nd EUR-ch (w)"]
[Site "Warsaw POL"]
[Date "2001.04.26"]
[Round "5.58"]
[White "Kucypera, Anna"]
[Black "Velcheva, Maria"]
[Result "0-1"]
[WhiteElo "2145"]
[BlackElo "2244"]
[EventDate "2001.04.21"]
[PlyCount "68"]

1.e4 c5 2.Nf3 e6 3.d3 Nc6 4.g3 d5 5.Nbd2 Nf6 6.Bg2 Be7 7.O-O b6 8.Re1 Qc7 
9.e5 Nd7 10.Qe2 Bb7 11.Nf1 O-O-O 12.Bd2 h6 13.c3 g5 14.h3 Rdg8 15.a3 h5 
16.b4 g4 17.hxg4 hxg4 18.N3h2 Qxe5 19.Qd1 Qh5 20.b5 Nce5 21.d4 Nd3 22.Re2 
c4 23.a4 Bd6 24.a5 Kc7 25.Be3 f5 26.Rea2 f4 27.axb6+ axb6 28.gxf4 Nxf4 29.
Bxf4 Bxf4 30.Ra7 Bxh2+ 31.Nxh2 Qxh2+ 32.Kf1 Qf4 33.Qa4 Re8 34.Qb4 g3 0-1

[Event "2nd EUR-ch (w)"]
[Site "Warsaw POL"]
[Date "2001.04.26"]
[Round "5.59"]
[White "Dzagnidze, Nana"]
[Black "Zawadzka, Magdalena"]
[Result "1-0"]
[WhiteElo "2241"]
[BlackElo "2050"]
[EventDate "2001.04.21"]
[PlyCount "91"]

1.d4 Nf6 2.c4 g6 3.Nc3 Bg7 4.e4 d6 5.Be2 O-O 6.Bg5 Na6 7.Qd2 Qe8 8.f3 e5 
9.d5 Kh8 10.g4 Ng8 11.h4 h6 12.Be3 f5 13.gxf5 gxf5 14.exf5 Bxf5 15.Nh3 e4 
16.f4 Nc5 17.O-O-O Ne7 18.Nf2 Bh7 19.Bd4 Nf5 20.Bxg7+ Kxg7 21.Rdg1+ Kh8 
22.Nb5 Qe7 23.Qc3+ Qf6 24.Qxf6+ Rxf6 25.b4 Na4 26.Nxe4 Rf7 27.Bd3 a6 28.
Na3 Nd4 29.Ng5 Bxd3 30.Nxf7+ Kh7 31.Rd1 Ne2+ 32.Kd2 Nxf4 33.Ke3 Ng6 34.
Rxd3 Rf8 35.h5 Ne7 36.Nxd6 cxd6 37.Rh3 Rf5 38.Ke2 Nb6 39.Rdf3 Kg7 40.Rhg3+
Kf6 41.Rxf5+ Nxf5 42.Rg8 Nd7 43.Nc2 Ke5 44.Ne3 Nxe3 45.Kxe3 Nf6 46.Rg6 1-0

[Event "2nd EUR-ch (w)"]
[Site "Warsaw POL"]
[Date "2001.04.26"]
[Round "5.61"]
[White "Tallova, Ivana"]
[Black "Dolzhikova, Olga"]
[Result "1/2-1/2"]
[WhiteElo "2108"]
[BlackElo "2229"]
[EventDate "2001.04.21"]
[PlyCount "37"]

1.e4 Nf6 2.e5 Nd5 3.d4 d6 4.Nf3 Nc6 5.c4 Nb6 6.exd6 exd6 7.Be2 Be7 8.O-O 
O-O 9.Nc3 Bg4 10.d5 Bxf3 11.Bxf3 Ne5 12.b3 Nxf3+ 13.Qxf3 Bf6 14.Bd2 a5 15.
a4 Nd7 16.Rae1 Be5 17.Ne4 b6 18.Qh3 Nc5 19.Bc3 1/2-1/2

[Event "2nd EUR-ch (w)"]
[Site "Warsaw POL"]
[Date "2001.04.26"]
[Round "5.62"]
[White "Chmielinska, Alicja"]
[Black "Matras, Agnieszka"]
[Result "1/2-1/2"]
[WhiteElo "2047"]
[BlackElo "2220"]
[EventDate "2001.04.21"]
[PlyCount "97"]

1.e4 e5 2.Nf3 Nc6 3.Bc4 Nf6 4.d3 Be7 5.O-O O-O 6.Nc3 d6 7.h3 Na5 8.Bb3 
Nxb3 9.axb3 c5 10.Nh2 Bd7 11.f4 b5 12.Nf3 Qc7 13.fxe5 dxe5 14.Bg5 Bc6 15.
Qe1 Ne8 16.Bxe7 Qxe7 17.Qg3 f6 18.Kh1 Nd6 19.Nh4 c4 20.bxc4 bxc4 21.Qf2 
cxd3 22.cxd3 Rfc8 23.Ra6 Rc7 24.Qg3 Kh8 25.Rfa1 Qd7 26.Qe3 Nb5 27.Nxb5 
Bxb5 28.R6a3 a6 29.Nf5 Rd8 30.Rd1 Rc2 31.b4 Rb2 32.Qc5 Rc8 33.Qd6 Qe8 34.
Ne3 Re2 35.d4 Rd8 36.Qc5 Qg6 37.Qc7 Re8 38.d5 Qxe4 39.Qc3 Bd7 40.Qd3 Qxd3 
41.Raxd3 f5 42.d6 e4 43.Rc3 f4 44.Rc7 fxe3 45.Rxd7 Kg8 46.Rc1 Rd2 47.Rcc7 
e2 48.Rxg7+ Kh8 49.Rxh7+ 1/2-1/2

[Event "2nd EUR-ch (w)"]
[Site "Warsaw POL"]
[Date "2001.04.26"]
[Round "5.65"]
[White "Hernandez Estevez, Yudania"]
[Black "Guzik, Jolanta"]
[Result "1-0"]
[WhiteElo "2265"]
[BlackElo "2111"]
[EventDate "2001.04.21"]
[PlyCount "97"]

1.e4 e5 2.Nf3 Nc6 3.d4 exd4 4.Nxd4 Bc5 5.Nb3 Bb6 6.a4 a6 7.Nc3 Qf6 8.Qe2 
Nge7 9.a5 Nd4 10.Nxd4 Bxd4 11.Bd2 d6 12.g3 Bd7 13.Bg2 Bc6 14.O-O O-O 15.
Kh1 Qe6 16.Qd3 Bxc3 17.Bxc3 f5 18.Rae1 f4 19.gxf4 Rxf4 20.Bd2 Ng6 21.Bxf4 
Nxf4 22.Qb3 Qxb3 23.cxb3 Bb5 24.Rg1 Ne2 25.Rxe2 Bxe2 26.Rc1 c6 27.Rc2 Bb5 
28.Rd2 Rd8 29.f4 g6 30.Kg1 Kf7 31.Kf2 Ke7 32.Ke3 Rf8 33.h4 Rf6 34.Bh3 Rf8 
35.Rd1 Rb8 36.h5 Rd8 37.h6 Rb8 38.e5 d5 39.f5 gxf5 40.Rg1 Ke6 41.Kf4 Bd3 
42.Rg7 Rh8 43.Rxb7 d4 44.Rc7 Be4 45.Bxf5+ Bxf5 46.Rxc6+ Ke7 47.Kxf5 Rd8 
48.Rc7+ Kf8 49.e6 1-0

[Event "2nd EUR-ch (w)"]
[Site "Warsaw POL"]
[Date "2001.04.26"]
[Round "5.66"]
[White "Jiretorn, Eva"]
[Black "Hlgatian, Goar"]
[Result "1/2-1/2"]
[WhiteElo "2106"]
[BlackElo "2258"]
[EventDate "2001.04.21"]
[PlyCount "44"]

1.d4 d5 2.c4 c6 3.Nf3 Nf6 4.Nc3 a6 5.a4 e6 6.e3 Nbd7 7.Bd3 Bd6 8.O-O dxc4 
9.Bxc4 O-O 10.b3 e5 11.Ba3 Bxa3 12.Rxa3 Qe7 13.Ra1 e4 14.Nd2 a5 15.Qc2 Re8
16.f3 exf3 17.Rxf3 Nb6 18.h3 Be6 19.Raf1 Rad8 20.Ne2 Bd5 21.Bxd5 Nbxd5 22.
Nc4 c5 1/2-1/2

[Event "2nd EUR-ch (w)"]
[Site "Warsaw POL"]
[Date "2001.04.26"]
[Round "5.67"]
[White "Tetenkina, Irina"]
[Black "Toma, Katarzyna"]
[Result "0-1"]
[WhiteElo "2221"]
[BlackElo "2101"]
[EventDate "2001.04.21"]
[PlyCount "68"]

1.Nf3 Nf6 2.g3 g6 3.b4 Bg7 4.Bb2 O-O 5.Bg2 d5 6.d3 c5 7.a3 Qb6 8.c3 a5 9.
Nbd2 axb4 10.cxb4 cxb4 11.Qb3 Nc6 12.Rb1 Be6 13.O-O d4 14.Qd1 bxa3 15.Bxa3
Qc7 16.Bc5 Nd7 17.Bb4 Rfc8 18.Ng5 Ba2 19.Rb2 Nb6 20.Bh3 e6 21.Nde4 Nxb4 
22.Rxb4 Nd5 23.Nxe6 fxe6 24.Bxe6+ Kh8 25.Rb2 Nc3 26.Nxc3 Bxe6 27.Ne4 Bd5 
28.Qb1 Ra6 29.Rb5 Bc6 30.Rc1 Qe7 31.Rb4 Rca8 32.Rbc4 Ra2 33.e3 dxe3 34.
fxe3 Rb2 0-1

[Event "2nd EUR-ch (w)"]
[Site "Warsaw POL"]
[Date "2001.04.26"]
[Round "5.68"]
[White "Kludacz, Magdalena"]
[Black "Hagesather, Ellen"]
[Result "0-1"]
[WhiteElo "2203"]
[BlackElo "2093"]
[EventDate "2001.04.21"]
[PlyCount "80"]

1.d4 g6 2.c4 Nf6 3.Nc3 Bg7 4.e4 d6 5.f3 O-O 6.Bg5 Nc6 7.Nge2 a6 8.Qd2 Rb8 
9.d5 Ne5 10.Nd4 c5 11.Nc2 Ne8 12.Be2 Nc7 13.a4 Bd7 14.f4 f6 15.fxe5 fxg5 
16.e6 Be8 17.Qxg5 b5 18.cxb5 axb5 19.a5 b4 20.Nd1 Nb5 21.Rf1 b3 22.Nce3 
Bf6 23.Qh6 Nd4 24.Bd3 Bb5 25.Kd2 Bxd3 26.Kxd3 Bg7 27.Rxf8+ Qxf8 28.Qh4 Nc2
29.Rb1 Bh6 30.g4 c4+ 31.Kd2 Qg7 32.e5 Bxe3+ 33.Nxe3 Nxe3 34.Qg5 Nxd5 35.
Rf1 Qxe5 36.Qh6 Qxb2+ 37.Ke1 Qe5+ 38.Kd2 Qd4+ 39.Ke2 Qd3+ 40.Ke1 Qe3+ 0-1

[Event "2nd EUR-ch (w)"]
[Site "Warsaw POL"]
[Date "2001.04.26"]
[Round "5.69"]
[White "Baskite, Viktoria"]
[Black "Heymann, Ulrike"]
[Result "1-0"]
[WhiteElo "2073"]
[BlackElo "2188"]
[EventDate "2001.04.21"]
[PlyCount "103"]

1.Nf3 Nf6 2.g3 g6 3.b3 Bg7 4.Bb2 O-O 5.Bg2 d6 6.d4 c6 7.O-O Nbd7 8.Nbd2 d5
9.c4 dxc4 10.bxc4 e5 11.e3 exd4 12.exd4 Nb6 13.Qb3 Qc7 14.Rfe1 Bf5 15.Ne5 
Rad8 16.h3 Nfd7 17.Ndf3 Rfe8 18.Nxf7 Kxf7 19.Ng5+ Kf8 20.Ba3+ c5 21.dxc5 
Nxc5 22.Qb5 Rxe1+ 23.Rxe1 Bd4 24.Nf3 Qxg3 25.Bxc5+ Bxc5 26.Qxc5+ Qd6 27.
Qxd6+ Rxd6 28.c5 Rc6 29.cxb6 Rxb6 30.Nd4 Bd7 31.Nb3 Rb5 32.Rd1 Ke7 33.Rd5 
Rb4 34.Nc5 Bc6 35.Rd2 Rb5 36.Bxc6 bxc6 37.Ne4 Ra5 38.Kg2 Ra3 39.Rc2 Ra4 
40.Re2 Kf7 41.f3 h6 42.Kg3 Ra3 43.Rc2 h5 44.h4 Ra5 45.Ng5+ Kg7 46.Ne6+ Kf6
47.Nd4 c5 48.Nb3 Ra3 49.Nxc5 Re3 50.Ne4+ Kg7 51.Rc7+ Kh6 52.Ng5 1-0

[Event "2nd EUR-ch (w)"]
[Site "Warsaw POL"]
[Date "2001.04.26"]
[Round "5.70"]
[White "Kadziolka, Beata"]
[Black "Just, Anita"]
[Result "1-0"]
[WhiteElo "2164"]
[BlackElo "2061"]
[EventDate "2001.04.21"]
[PlyCount "147"]

1.d4 e6 2.Nf3 f5 3.g3 Nf6 4.Bg2 Be7 5.O-O O-O 6.b3 d6 7.Bb2 Qe8 8.Nbd2 
Nbd7 9.e3 Qh5 10.Ne1 Qh6 11.Nd3 g5 12.c4 Ng4 13.h3 Ngf6 14.Qe2 d5 15.Rac1 
c6 16.b4 Ne4 17.a4 Ndf6 18.b5 Bd7 19.Ne5 Be8 20.cxd5 exd5 21.bxc6 bxc6 22.
Nxc6 Bd6 23.Nxe4 Nxe4 24.Qb5 Bf7 25.Qa6 Qe6 26.Ne5 Be8 27.Ba3 Rf6 28.Bxd6 
Qxd6 29.Qb7 Qd8 30.a5 Rb8 31.Qxa7 Ra8 32.Qb7 Rb8 33.Qc7 Rd6 34.Qxd8 Rdxd8 
35.Nc6 Bxc6 36.Rxc6 Nd2 37.Rfc1 Nb3 38.Rb1 Nxa5 39.Rxb8 Rxb8 40.Bxd5+ Kg7 
41.Rc5 Rb1+ 42.Kg2 Ra1 43.g4 fxg4 44.hxg4 h6 45.e4 Ra3 46.e5 Kf8 47.e6 Ra1
48.Rc8+ Ke7 49.Rc7+ Ke8 50.Be4 Re1 51.f3 Nb3 52.e7 Rxe4 53.fxe4 Nxd4 54.
Kf2 Ne6 55.Ra7 Nf4 56.Ke3 h5 57.gxh5 Nxh5 58.Kf3 Nf6 59.e5 Nd5 60.Kg4 Nxe7
61.Kxg5 Kf7 62.Ra6 Nd5 63.Kf5 Ne3+ 64.Ke4 Nc4 65.Rc6 Na5 66.Rc5 Nb3 67.Rb5
Nd2+ 68.Kd5 Ke7 69.Rb7+ Kd8 70.e6 Ke8 71.e7 Kf7 72.Ra7 Nf3 73.Kd6 Nd4 74.
Kd7 1-0

[Event "2nd EUR-ch (w)"]
[Site "Warsaw POL"]
[Date "2001.04.26"]
[Round "5.71"]
[White "Rantanen, Tanja"]
[Black "Pokojska, Daria"]
[Result "1-0"]
[WhiteElo "2149"]
[BlackElo "2037"]
[EventDate "2001.04.21"]
[PlyCount "71"]

1.e4 c5 2.Nf3 Nc6 3.c3 d5 4.exd5 Qxd5 5.d4 cxd4 6.cxd4 e6 7.Nc3 Qd8 8.Bb5 
a6 9.Bxc6+ bxc6 10.Ne5 Bb7 11.O-O Nf6 12.Qa4 Rc8 13.Re1 Be7 14.Qb3 Ba8 15.
Qc4 O-O 16.Bg5 a5 17.Na4 Nd5 18.Bxe7 Qxe7 19.Nc5 Rfd8 20.Nf3 Nc7 21.Rad1 
Nb5 22.a4 Nd6 23.Qc3 Qc7 24.Nb3 Nb7 25.Rc1 Rd5 26.Re5 Qd8 27.Qc4 Nd6 28.
Qe2 Qb6 29.Nc5 Nf5 30.Rxe6 Qd8 31.Re5 Nxd4 32.Nxd4 Rxd4 33.Re1 g6 34.h3 
Kg7 35.Re7 Kf8 36.Qe5 1-0

[Event "2nd EUR-ch (w)"]
[Site "Warsaw POL"]
[Date "2001.04.26"]
[Round "5.73"]
[White "Apanaviciute, Kristina"]
[Black "Milligan, Helen"]
[Result "1/2-1/2"]
[WhiteElo "2019"]
[BlackElo "2124"]
[EventDate "2001.04.21"]
[PlyCount "66"]

1.e4 c5 2.Nf3 Nc6 3.c3 d5 4.exd5 Qxd5 5.d4 Bg4 6.Be2 e6 7.h3 Bh5 8.c4 Qd8 
9.g4 Bg6 10.d5 Nb4 11.Qa4+ Qd7 12.Qxd7+ Kxd7 13.dxe6+ Kxe6 14.Na3 Bd6 15.
Bd2 Nd3+ 16.Kf1 Ne7 17.Bc3 f6 18.Nh4 Nf4 19.Nb5 Nxe2 20.Kxe2 a6 21.Nxd6 
Kxd6 22.Rad1+ Kc6 23.Nxg6 Nxg6 24.Kf3 Rad8 25.Rhe1 Rxd1 26.Rxd1 Re8 27.b3 
b5 28.cxb5+ axb5 29.Re1 Ra8 30.Re2 Kd5 31.Rd2+ Kc6 32.Rc2 Kd5 33.Rd2+ Kc6 
1/2-1/2

[Event "2nd EUR-ch (w)"]
[Site "Warsaw POL"]
[Date "2001.04.26"]
[Round "5.75"]
[White "Nill, Jessica"]
[Black "Grigoryan, Meri"]
[Result "1/2-1/2"]
[WhiteElo "2263"]
[BlackElo "2052"]
[EventDate "2001.04.21"]
[PlyCount "50"]

1.d4 d5 2.Nf3 Nf6 3.Bf4 c6 4.e3 Bf5 5.Nbd2 e6 6.Be2 h6 7.h3 Bd6 8.Ne5 Bxe5
9.Bxe5 O-O 10.O-O Nbd7 11.Bh2 Re8 12.c4 e5 13.cxd5 cxd5 14.Nb3 Rc8 15.dxe5
Nxe5 16.Bxe5 Rxe5 17.Qd4 Re4 18.Qxa7 Rh4 19.Rfc1 Ne4 20.Rxc8 Qxc8 21.Rc1 
Qd8 22.Bg4 Bxg4 23.hxg4 Rh1+ 24.Kxh1 Qh4+ 25.Kg1 Qxf2+ 1/2-1/2

[Event "2nd EUR-ch (w)"]
[Site "Warsaw POL"]
[Date "2001.04.26"]
[Round "5.76"]
[White "Erenska, Hanna"]
[Black "Ornstein, Petra"]
[Result "1-0"]
[WhiteElo "2246"]
[BlackElo "2035"]
[EventDate "2001.04.21"]
[PlyCount "59"]

1.e4 d6 2.d4 Nf6 3.Nc3 g6 4.f4 Bg7 5.Nf3 O-O 6.Bd3 Nc6 7.d5 Nb4 8.O-O c6 
9.dxc6 bxc6 10.Qe2 Nxd3 11.cxd3 a5 12.Kh1 Ba6 13.Rd1 Rb8 14.Be3 Ng4 15.Bg1
f5 16.exf5 gxf5 17.Nd4 Bxd4 18.Bxd4 e5 19.fxe5 Qh4 20.Bg1 dxe5 21.Qe1 Qxe1
22.Rxe1 Rxb2 23.h3 Nf2+ 24.Bxf2 Rxf2 25.Rxe5 Rc2 26.Ne2 Bxd3 27.Nf4 Be4 
28.Kg1 Rd8 29.a4 Kf7 30.g3 1-0

[Event "2nd EUR-ch (w)"]
[Site "Warsaw POL"]
[Date "2001.04.27"]
[Round "6.5"]
[White "Prudnikova, Svetlana"]
[Black "Polovnikova, Ekaterina"]
[Result "1/2-1/2"]
[WhiteElo "2419"]
[BlackElo "2377"]
[EventDate "2001.04.21"]
[PlyCount "68"]

1.e4 e5 2.Nf3 Nc6 3.Bc4 Nf6 4.d4 exd4 5.e5 d5 6.Bb5 Ne4 7.Nxd4 Bd7 8.Bxc6 
bxc6 9.O-O Be7 10.f3 Ng5 11.f4 Ne4 12.f5 c5 13.Ne2 Bc6 14.Nd2 Nxd2 15.Bxd2
Bg5 16.Ng3 d4 17.Nh5 Qd5 18.Rf3 Bxd2 19.Qxd2 O-O-O 20.Re1 Qxa2 21.Ra3 Qxb2
22.Rb3 Qa2 23.Reb1 Bd5 24.R3b2 Qa6 25.Nf4 Qc6 26.Qa5 a6 27.Nd3 Bc4 28.e6 
Bb5 29.Ne5 Qb6 30.Rxb5 axb5 31.Qa8+ Qb8 32.Qa5 Qb6 33.Qa8+ Qb8 34.Qa5 Qb6 
1/2-1/2

[Event "2nd EUR-ch (w)"]
[Site "Warsaw POL"]
[Date "2001.04.27"]
[Round "6.6"]
[White "Graf-Mamedova, Rena"]
[Black "Foisor, Cristina"]
[Result "1/2-1/2"]
[WhiteElo "2353"]
[BlackElo "2408"]
[EventDate "2001.04.21"]
[PlyCount "123"]

1.d4 Nf6 2.c4 e6 3.Nc3 Bb4 4.e3 b6 5.Ne2 Ba6 6.Ng3 O-O 7.Bd3 d5 8.cxd5 
Nxd5 9.Ne2 c5 10.Bxa6 Nxa6 11.a3 Bxc3+ 12.bxc3 Qd7 13.O-O Rac8 14.e4 Ne7 
15.Be3 Rfd8 16.a4 Qb7 17.Qb1 cxd4 18.cxd4 Rc4 19.Rc1 Rxc1+ 20.Nxc1 Nc6 21.
Ne2 Na5 22.Qb5 Nc7 23.Qd3 Qa6 24.Qxa6 Nxa6 25.Rc1 f6 26.f3 Kf7 27.Kf2 Rd7 
28.Rc8 Nb4 29.Nc3 Nac6 30.Ne2 Nd3+ 31.Kf1 Na5 32.Nc3 Nb2 33.Ke2 Nb3 34.d5 
exd5 35.exd5 Na5 36.Bf4 Nbc4 37.Kd3 g5 38.Bg3 Nb2+ 39.Kc2 Nbc4 40.d6 Nxd6 
41.Bxd6 Rxd6 42.Rc7+ Kg6 43.Rxa7 Nc4 44.Ne4 Ne3+ 45.Kb3 Rd3+ 46.Kb4 Nxg2 
47.Kb5 f5 48.Nxg5 Kxg5 49.Rg7+ Kf4 50.Rxg2 Rb3+ 51.Kc6 Rb4 52.Rg7 Kxf3 53.
Rxh7 f4 54.h4 Kg3 55.h5 Rd4 56.h6 f3 57.Rg7+ Kf2 58.h7 Rh4 59.Kxb6 Rh5 60.
Kc6 Kf1 61.Kd7 f2 62.Ke8 1/2-1/2

[Event "2nd EUR-ch (w)"]
[Site "Warsaw POL"]
[Date "2001.04.27"]
[Round "6.7"]
[White "Peptan, Corina-Isabela"]
[Black "Kosintseva, Nadezhda"]
[Result "1/2-1/2"]
[WhiteElo "2461"]
[BlackElo "2289"]
[EventDate "2001.04.21"]
[PlyCount "173"]

1.e4 c5 2.Nf3 Nc6 3.d4 cxd4 4.Nxd4 g6 5.c4 Bg7 6.Be3 Nf6 7.Nc3 O-O 8.Be2 
d6 9.O-O Bd7 10.Qd2 Nxd4 11.Bxd4 Bc6 12.f3 a5 13.b3 Nd7 14.Be3 Nc5 15.Rab1
Qb6 16.Rfc1 Rfc8 17.Rc2 Qd8 18.Bf1 Qf8 19.Re1 h5 20.Bf2 Bh6 21.Qd1 Qg7 22.
g3 Rd8 23.Bh3 Bg5 24.Nd5 e6 25.Bd4 e5 26.Bf2 Qh6 27.Kg2 h4 28.Nc7 Rab8 29.
Qe2 Kg7 30.Qd1 hxg3 31.hxg3 Rh8 32.Rh1 Nxe4 33.Be1 Be7 34.Nd5 Ng5 35.Bd2 
Bxd5 36.cxd5 Qh5 37.Bxg5 Qxg5 38.Rc7 b6 39.Qc1 Qf6 40.Qc6 Qg5 41.Qc1 Qf6 
42.Qc6 Qg5 43.Qc1 Qf6 44.Ra7 Ra8 45.Rb7 Rab8 46.Rxb8 Rxb8 47.Qc7 Rh8 48.
Qxb6 Bd8 49.Qe3 Qe7 50.Rc1 Qb7 51.Rc6 Qb4 52.Qc3 Qa3 53.Qc2 Qb4 54.Qc3 Qa3
55.Qc2 Qb4 56.Qc3 Qa3 57.Qc2 Bg5 58.Qf2 Bd8 59.Rc4 Bb6 60.Qc2 Rd8 61.Bc8 
Bd4 62.Bb7 Qb2 63.Qxb2 Bxb2 64.Rc7 Ba3 65.Bc6 Bc5 66.Bd7 Kf6 67.Bc6 Rb8 
68.Kf1 Rh8 69.Kg2 Rb8 70.Rd7 Rb4 71.Rc7 Rb8 72.Ba4 g5 73.Kh3 Rh8+ 74.Kg4 
Kg6 75.Bd7 Rb8 76.Bf5+ Kf6 77.Be4 Rb4 78.Rc8 a4 79.bxa4 Rxa4 80.Rh8 Rxa2 
81.Rh6+ Kg7 82.Rh7+ Kf6 83.Rh6+ Kg7 84.Rh7+ Kf6 85.Rh6+ Kg7 86.Rh7+ Kf6 
87.Rh6+ 1/2-1/2

[Event "2nd EUR-ch (w)"]
[Site "Warsaw POL"]
[Date "2001.04.27"]
[Round "6.9"]
[White "Stiazhkina, Olga"]
[Black "Zhukova, Natalia"]
[Result "0-1"]
[WhiteElo "2346"]
[BlackElo "2463"]
[EventDate "2001.04.21"]
[PlyCount "110"]

1.e4 e6 2.d3 d5 3.Qe2 Nf6 4.Nf3 b6 5.Nbd2 Bb7 6.g3 c5 7.Bg2 Nc6 8.O-O Be7 
9.Re1 Nb4 10.e5 Nxc2 11.exf6 Bxf6 12.Nb3 Nxe1 13.Nxe1 O-O 14.Bf4 Ba6 15.
Nf3 Rc8 16.Rd1 Qd7 17.h4 Qa4 18.Nc1 Bxb2 19.h5 c4 20.h6 Rfe8 21.Ng5 gxh6 
22.Ne4 dxe4 23.Qg4+ Kh8 24.d4 f6 25.Bxe4 Qd7 26.Qh4 Qf7 27.Bxh6 c3 28.Bxh7
Kxh7 29.Bg5+ Kg8 30.Bxf6 Qh7 31.Qg5+ Kf8 32.Qf4 Qg6 33.d5 Kg8 34.Qh4 c2 
35.Qh8+ Kf7 36.dxe6+ Kxe6 37.Qh3+ Kxf6 38.Rd6+ Kg7 39.Rxg6+ Kxg6 40.Qg4+ 
Kf7 41.Qh5+ Kg8 42.Qg5+ Kf7 43.Qf5+ Bf6 44.Qh7+ Kf8 45.Qh6+ Bg7 46.Qd6+ 
Re7 47.f4 Bb2 48.f5 Bxc1 49.f6 Ba3 50.fxe7+ Ke8 51.Qg6+ Kxe7 52.Qg7+ Kd8 
53.Qd4+ Kc7 54.Qf4+ Kb7 55.Qf3+ Kb8 0-1

[Event "2nd EUR-ch (w)"]
[Site "Warsaw POL"]
[Date "2001.04.27"]
[Round "6.10"]
[White "Khurtsidze, Nino"]
[Black "Dworakowska, Joanna"]
[Result "1/2-1/2"]
[WhiteElo "2456"]
[BlackElo "2360"]
[EventDate "2001.04.21"]
[PlyCount "211"]

1.d4 f5 2.g3 Nf6 3.Bg2 g6 4.c4 Bg7 5.Nc3 O-O 6.Nh3 d6 7.d5 Nbd7 8.O-O Ne5 
9.b3 c5 10.Bb2 Rb8 11.Qc2 a6 12.a4 Bd7 13.Nf4 Ne8 14.e4 Nc7 15.a5 b5 16.
axb6 Rxb6 17.Na4 Bxa4 18.Rxa4 fxe4 19.Bxe4 Qb8 20.Bxe5 Bxe5 21.Nd3 Bd4 22.
Nc1 Kh8 23.h4 Rf7 24.Ra2 Ne8 25.Kg2 Nf6 26.Bf3 Nd7 27.Bd1 Qf8 28.Nd3 Qg7 
29.Nf4 Nf8 30.Qe4 Be5 31.Nd3 Bd4 32.Qg4 Qf6 33.h5 gxh5 34.Qxh5 Ng6 35.Re2 
Rb8 36.Re6 Qg7 37.Rh1 Rbf8 38.f3 Rg8 39.Rh3 Nf8 40.Re4 Ng6 41.Bc2 Rgf8 42.
f4 Rg8 43.Kh2 Qf8 44.Ne1 Bf6 45.Nf3 Rgg7 46.Re2 Kg8 47.Bf5 Qb8 48.Be6 Qxb3
49.Ng5 Bxg5 50.fxg5 Kf8 51.Bxf7 Rxf7 52.Rh4 Nxh4 53.Qxh4 Qb1 54.Qh6+ Kg8 
55.Qe6 a5 56.Re4 Qb2+ 57.Kh3 Qg7 58.g6 hxg6 59.Rf4 a4 60.Rf3 a3 61.Rf2 g5 
62.Kg2 Qf8 63.Qg6+ Qg7 64.Qe6 Qh7 65.g4 Qg7 66.Kg3 Qe5+ 67.Qxe5 dxe5 68.
Ra2 Rf4 69.Rxa3 Rxc4 70.Ra6 Rc3+ 71.Kf2 Rd3 72.Rg6+ Kf7 73.Rxg5 Rxd5 74.
Ke3 c4 75.Rf5+ Kg6 76.Rf2 Rd4 77.Rf5 Rxg4 78.Rxe5 Kf6 79.Rc5 Rh4 80.Kd2 e5
81.Rc8 Kf5 82.Kc3 Rd4 83.Rh8 Ke4 84.Rh7 Rd1 85.Kc2 Rd3 86.Rh5 Kd5 87.Rh8 
Rg3 88.Rd8+ Kc5 89.Rc8+ Kd4 90.Rd8+ Ke4 91.Rc8 c3 92.Rc4+ Kf5 93.Rc8 Kf4 
94.Rf8+ Ke3 95.Kxc3 Ke2+ 96.Kc2 e4 97.Rh8 Rg1 98.Rh2+ Ke3 99.Rh3+ Ke2 100.
Rh2+ Kf3 101.Rh3+ Rg3 102.Rh8 e3 103.Kd3 Kf2 104.Rh2+ Kf3 105.Rh8 Kf2 106.
Rh2+ 1/2-1/2

[Event "2nd EUR-ch (w)"]
[Site "Warsaw POL"]
[Date "2001.04.27"]
[Round "6.11"]
[White "Mkrtchian, Lilit"]
[Black "Kachiani-Gersinska, Ketino"]
[Result "1-0"]
[WhiteElo "2344"]
[BlackElo "2456"]
[EventDate "2001.04.21"]
[PlyCount "83"]

1.e4 e5 2.Bc4 Nc6 3.Nf3 Bc5 4.O-O Nf6 5.d3 d6 6.c3 a6 7.Bb3 Ba7 8.Nbd2 O-O
9.h3 Ne7 10.Re1 Ng6 11.Nf1 Nh5 12.d4 Nhf4 13.Be3 Qf6 14.Kh2 Be6 15.d5 Bd7 
16.Ng1 Nh4 17.g3 Qg6 18.Bxa7 Rxa7 19.Ne3 f5 20.gxh4 fxe4 21.Qd2 Nd3 22.Rf1
Qh6 23.Bc2 Qf4+ 24.Kg2 Rf6 25.Bxd3 Rg6+ 26.Kh1 Bxh3 27.Nxh3 Qxh4 28.f3 Rg3
29.Ng4 Rxh3+ 30.Nh2 exd3 31.Rae1 Ra8 32.Re4 Qh5 33.Rf2 Rf8 34.Qxd3 Rf6 35.
Qe2 Rh6 36.Rg4 Rf6 37.Rgg2 b5 38.Kg1 Rf4 39.Qd2 b4 40.Qe2 Qf7 41.Qxa6 h5 
42.Qc8+ 1-0